[Event "EU-ch 3rd"]
[Site "Batumi"]
[Date "2002.06.16"]
[Round "5"]
[White "Popov, Valerij"]
[Black "Jirovsky, Milos"]
[Result "1-0"]
[WhiteElo "2575"]
[BlackElo "2446"]
[Annotator "Wells,P"]
[PlyCount "123"]
[EventDate "2002.06.12"]
[EventType "swiss"]
[EventRounds "13"]
[EventCountry "GEO"]
[SourceTitle "CBM 090"]
[Source "ChessBase"]
[SourceDate "2002.09.20"]
[SourceVersion "1"]
[SourceVersionDate "2002.09.20"]
[SourceQuality "1"]

1. d4 d5 2. c4 e6 3. Nc3 Nf6 4. Bg5 c6 5. Nf3 Nbd7 6. cxd5 exd5 7. e3 Be7 8.
Qc2 O-O 9. Bd3 Re8 10. O-O Nf8 11. h3 $5 {[%cal Gc8g4,Gf6e4,Yg5f4,Yf4h2] In
the last 15 years, this essentially prophylactic move has come to the fore and
maintained a consistently steady following. There are two main ideas: i) To
prevent ...Bg4 which ( though not immediately ) is a major idea against for
example the older 11 Rab1. ii) To prepare a flight square for the g5 bishop to
run via f4 in response to black's standard freeing move ...Ne4. Practice has
shown that in many cases the simple exchange on e7 can promote black's general
harmony.} Be6 $5 {In my opinion, this might be black's best move, but this is
controversial. There are a large number of frequently played alternatives:} ({
Despite the above comments,} 11... Ne4 {is still a major line, but white's
reply} 12. Bf4 $1 {has the advantage over the exchange on e7, that black has
to decide how to deal with the threat to his knight on e4.} Ng5 (12... f5 {
[%csl Re5] is just a bit too weakening} 13. Ne5 g6 (13... Ng6 14. Bh2 $5) 14.
f3 Nf6 15. g4 fxg4 16. hxg4 Bd6 17. Rae1 Qe7 18. Qh2 Bxe5 19. Bxe5 Be6 20. Re2
N8d7 21. Bd6 Qg7 22. Qg3 {Gustafsson,J (2517)-Sanz Arilla,L (2194) ESP-ch Univ
Torrelavega 2002 (3.1) 1-0 with impending murder}) (12... Nxc3 13. bxc3 Bd6 14.
Bxd6 Qxd6 15. c4 Bd7 16. Rab1 b6 17. Rfc1 Rec8 18. Ne5 g6 19. c5 {1-0 Volzhin,
A-Panikarovsky,A/Moscow 1999/CBM 70 (62) is the dream scenario from white's
standpoint.}) 13. Bxg5 (13. Nxg5 Bxg5 14. Bh2 {is also worthy of attention.
After} Be7 {white achieves typical play with 'normal moves' such as Rab1 and
b4, but white showed a very interesting alternative plan} 15. Kh1 $5 Bd6 16.
Bg1 $1 Qh4 17. f4 Nd7 18. Rf3 Nf8 19. f5 Qd8 20. f6 {I guess black should have
prevented this} g6 21. Qf2 Be6 22. Qh4 Nd7 23. Raf1 Bf8 24. Bh2 a6 25. Qf2 c5
26. h4 cxd4 27. exd4 Kh8 28. Bb1 h5 29. Qd2 Bg4 30. R3f2 Nb6 31. b3 Rc8 32. Ne2
Kh7 33. Ng1 Rc6 34. Nf3 Bxf3 35. Rxf3 Qd7 36. Bf5 Qd8 37. Qg5 {Sakaev,K (2639)
-Mirzoev,A (2463) Linares Anibal op 8th 2001 (4) 1-0 with a strong attack,
although reaching this point did not appear to be a smooth 'one way traffic'
affair.}) 13... Bxg5 14. b4 Qf6 15. Ne5 (15. e4 $5 Bxh3 16. e5 Qh6 {Golod,V 
(2593)-Likavsky,T (2425) EU-ch 2nd Ohrid 2001 (5) 1-0 results in a huge
complicated mess, well ncovered in CBM 84 in the notes to}) 15... Qd6 16. b5 c5
17. Nf3 Be7 18. e4 cxd4 19. Nxd5 Be6 20. Nxd4 Bxd5 21. Nf5 Qd8 22. exd5 Qxd5
23. Be4 Qxb5 24. Rab1 Qc5 25. Rxb7 Qxc2 26. Bxc2 Bc5 27. Bb3 {Barsov,A (2519)
-Mirzoev,A (2488) Golden Cleopatra op 2001 (5) 1/2 and white's initiative, if
not overwhelming, is certainly persistent}) ({Others include:} 11... g6 12.
Rab1 Ne6 13. Bh4 (13. Bxf6 {is a fairly typical exchange whereby white cedes
the bishop pair to gain a tempo for his minority attack. However, Vaisser's
handling is instructive and makes good use of the knight on e6.} Bxf6 14. b4 a6
15. a4 Qd6 16. Rfc1 Bd7 17. Qb3 Ng5 $1 {Interesting method of gaining
counterplay. Black exchanges the defender of h2, and gains a tempo by hinting
at some sacrificial action against e3.} 18. Nxg5 Bxg5 {[%cal Gg5e3,Gd7h3]} 19.
Re1 Bd8 $1 20. Ne2 Bc7 21. Ng3 h5 22. Qd1 {strange?} Re7 23. Nf1 Kg7 24. Qc2
Rh8 25. b5 axb5 26. axb5 Ra8 27. bxc6 bxc6 28. Ra1 Ree8 {1/2-1/2 Marcelin,
C-Vaisser,A/Val d'Isere FRA 2002/The Week in Chess 407 (58) and black is well
placed to meet the customary queen-side nibbles.}) 13... Ng7 14. b4 a6 15. a4
Bf5 16. Bxf5 Nxf5 {This is the customary manouevre associated with ...g6 and ..
.Ne6. Still, the exchange of light squared bishops, which seems to be so
heavily suggested by the pawn structure, has its down side - black's
counterplay on the king-side is largely based on minor piece play, while
white's play on the queenside is more heavy piece based. Hence, white might be
quite happy to exchange minor pieces. In addition, if white is anyway
intending to exchange on f6, then this exchange has deprived black of the
bishop pair 'in advance' .} 17. Bxf6 Bxf6 18. b5 axb5 19. axb5 Nd6 20. bxc6
bxc6 21. Nd2 Ra3 22. Ne2 Qa8 23. Rfc1 Ra2 24. Rb2 Rxb2 25. Qxb2 Nf5 26. Nf4 Ne7
27. Nf3 Rb8 28. Ra1 $1 Rxb2 29. Rxa8+ Kg7 30. g4 $1 {Khenkin,I (2572)-Asrian,K
(2604) FIDE-Wch k.o. 2001 (1.5) 1-0 and black still faces an uncomfortable
defensive task.}) (11... Ng6 {is also quite popular, but to my mind this
slightly strengthens the customary 12 Bxf6 plan, while white can also try to
play in a manner related to the main game with} 12. Ne5 $5 Nd7 13. Bxe7 Qxe7
14. f4 {Golod,V (2593)-Jonkman,H (2410) ISR-ch op Tel Aviv 2001 (9) 0-1 which
was well covered in CBM 83, and in my view also helps white's cause in
comparison with the current game. See the notes to}) 12. Ne5 {An attacking
idea, already familiar to us, which works a treat here. However, its true
merits are still unclear. Others might be more flexible eg:} (12. Rab1 a5 (
12... Ne4 13. Bxe7 (13. Bf4 $5 {is rarely played here, but still interesting.})
13... Rxe7 14. b4 Nxc3 15. Qxc3 $14) (12... N6d7 13. Bf4 Rc8 14. b4 Nb6 15. a4
Bd6 16. Bxd6 Qxd6 17. a5 Nbd7 18. Na4 b6 19. Rfc1 g6 20. Rb3 Rc7 21. Qb2 f6 22.
Rbc3 Rec8 23. Ba6 Rb8 24. axb6 axb6 25. b5 c5 26. Qa3 Bf7 27. Ne1 Ne6 28. Nd3
Be8 29. dxc5 bxc5 30. Naxc5 Ndxc5 31. Nxc5 Nxc5 32. Rxc5 Kf8 33. Qc3 Rxc5 34.
Qxc5 Ke7 35. Qa7+ Bd7 36. Bc8 {Petronic,J (2423)-Radulski,J (2421) Bjeljina
Renome 2000 (1) 1-0 is, from white's standpoint, another nice illustration of
possibilities.}) 13. Ne5 $5 (13. a3 {is 'standard'}) 13... N6d7 14. Bxe7 Qxe7
15. f4 f6 16. Nxd7 $5 {The retreat to f3 would resemble the game, but this
exchange has a logic here since the insertion of a3 and ...a5 has weakened
black's queenside to some degree.} Bxd7 (16... Qxd7 17. Na4 $14 {[%csl Rb6,Rc5]
}) 17. Rf3 Be6 18. g4 Rad8 19. Ne2 Bf7 20. Kf2 Bg6 $6 {I remember feeling
during the game that this rather helped me. Black wants to weaken e5 to
prepare a ...c5 break, but this a bit 'fussy'.} 21. f5 Bf7 22. Rg1 Nd7 23. Rfg3
Kh8 24. h4 c5 25. Qd2 cxd4 26. exd4 $1 {[%csl Gc5,Ge5] Important to control
centre squares pending a king-side attack. d4 is not really weak.} b6 27. g5 g6
$6 28. h5 $1 fxg5 29. hxg6 hxg6 30. Rxg5 Qf6 31. R5g4 {Wells,P (2410)-Flear,G 
(2470) Chartres op 1990 (4) 1-0 with a tremendous attack}) 12... N6d7 13. Bxe7
Qxe7 (13... Rxe7 $5 {also looks very reasonable. Black's queen will apparently
nestle happily on c7, so a preparation to double on the e-file makes sense.
However, look at} 14. f4 f6 15. Nf3 Nb6 16. Rae1 Qc7 17. Re2 {where in this
moment, black seems to struggle for the ideal move. The bishop would like to
stay defending d5, since in the game continuation white's timely e4 break
leaves his opponent struggling, but here ...Bf7would have the drawback that ...
c5 is not yet threatened! It would be ironic if e7 was the best square for the
queen after all.} Bd7 (17... Bf7 {[%csl Yb5][%cal Gc6c5,Yc3b5]}) 18. Rfe1 c5
19. e4 $1 cxd4 20. Nxd5 Nxd5 21. exd5 Qxc2 22. Bxc2 Rxe2 23. Rxe2 Rc8 24. Nxd4
Rc4 25. Rd2 {Sokolov,I (2659)-Timman,J (2597) Lost Boys op 2001 (6) 1/2 with
quite a serious advantage for white}) 14. f4 f6 15. Nf3 (15. Nxd7 {in this
case is pretty well met by} Qxd7 $13) 15... Nb6 {As we have seen, white's
king-side attack can carry some sting, and the weakness of e3 is not in itself
of great importance. To create counterplay black really needs to play an early
...c5. The text is OK, but I would prefer} (15... Bf7 $5 16. Rae1 c5 $1 17. Qf2
Nb6 18. Nh4 cxd4 19. exd4 Qc7 20. Rc1 Qd8 21. Nb5 $6 (21. Nf5 Bg6 $1 $11) 21...
Nc4 22. b3 a6 23. bxc4 dxc4 24. Bxc4 Bxc4 25. Rxc4 axb5 {Gurevich,M (2635)
-Akopian,V (2605) Barcelona 1992 1/2 This looks like a good model to me.}) 16.
Rae1 Qd6 17. g4 Re7 18. Qf2 Rae8 19. Re2 Bd7 20. Rfe1 a6 ({If} 20... c5 21.
dxc5 Qxc5 22. e4 $1 Qxf2+ 23. Kxf2 {looks promising for white. He has space
and the more purposefully placed pieces.}) 21. Kg2 c5 22. dxc5 Qxc5 23. Rc2 (
23. e4 $5 Qc7 24. f5 $14) 23... Qd6 24. Rd2 Kh8 25. Nd4 Bc8 26. Kf1 Rd8 27. b3
Qb4 28. Rc2 Be6 29. Nce2 Nbd7 30. Rcc1 Nb8 31. Rc3 Qb6 32. Qg3 Bd7 33. Kf2 Rde8
34. Bf5 {Despite the heavy, and in places slightly obscure manouevering, there
is a feeling that white's king-side space gives him a light initiative.} Bb5
35. Rd1 Nc6 36. Nxb5 Qxb5 37. Qf3 Rd8 38. Rcd3 Nb4 39. R3d2 Rde8 40. Nc3 Qb6
41. Re2 d4 $6 {It is black who decides to 'alter the structure' but there was
no need to rush with this.} 42. exd4 Rxe2+ 43. Nxe2 Nxa2 44. Be4 Re7 45. Ra1
Nb4 46. Rc1 $14 {[%cal Yc1c8,Ye4b7]} g6 47. f5 Qd6 48. Rc8 Kg7 49. Kg2 Ne6 $2 {
[%mdl 8192] A tactical oversight, but for the second time in the game it feels
as if black, faced with at worst gentle pressure rather than some serious
difficulties simply shows a degree of impatience.} ({Why not} 49... b6 $5 {
since white is not even yet threatening a breakthrough with} 50. g5 $2 fxg5 51.
f6+ Qxf6 52. Qxf6+ Kxf6 53. Rxf8+ Kg7 {since his pieces hang on the e-file.})
50. fxe6 Qxe6 51. Rc4 b5 52. d5 Nxd5 53. Rd4 Nb6 54. Qc3 {'and wins'!} Qe5 55.
Ng1 Rc7 56. Qd3 a5 57. Nf3 Qc5 58. Rd6 b4 59. Nd4 Qxd6 60. Nf5+ gxf5 61. Qxd6
Rf7 62. Bxf5 1-0

[Event "American Continental 2nd"]
[Site "Buenos Aires"]
[Date "2003.08.22"]
[Round "5"]
[White "Goldin, Alexander"]
[Black "Vescovi, Giovanni P"]
[Result "1/2-1/2"]
[WhiteElo "2608"]
[BlackElo "2618"]
[Annotator "Wells,P"]
[PlyCount "115"]
[EventDate "2003.08.17"]
[EventType "swiss"]
[EventRounds "11"]
[EventCountry "ARG"]
[SourceTitle "CBM 097"]
[Source "ChessBase"]
[SourceDate "2003.11.11"]
[SourceVersion "1"]
[SourceVersionDate "2003.11.11"]
[SourceQuality "1"]

1. d4 Nf6 2. c4 e6 3. Nc3 d5 4. cxd5 exd5 5. Bg5 c6 6. Qc2 Be7 7. e3 Nbd7 8.
Bd3 Nh5 9. Bxe7 Qxe7 10. Nge2 g6 11. O-O-O Nb6 12. Ng3 Nxg3 13. hxg3 h5 14. Kb1
Be6 15. Rc1 Kf8 16. Ne2 Kg7 17. Nf4 Qf6 18. f3 Rae8 19. Rce1 Bc8 20. Qf2 Qg5
21. Rh4 Nd7 22. g4 (22. e4 $5 {looks a plausible alternative since after} dxe4
23. fxe4 c5 {White can probably look to his f-file aspirations before his
opponent can satisfactorily blockade the centre.} 24. Rf1 $5 Ref8 25. g4 $5 (
25. e5 cxd4 26. e6 Ne5 27. Qxd4 Rd8 $13) 25... hxg4 26. Rxh8 g3 (26... Rxh8 $2
27. Ne6+ fxe6 28. Qf7+) 27. Rh5 $1 gxh5 28. Qe3 {looks quite dangerous for
Black.}) 22... hxg4 23. Rxg4 Qh6 24. Nxg6 $5 {[%mdl 1024]} fxg6 25. Rxg6+ Qxg6
26. Bxg6 Kxg6 27. e4 dxe4 {Can Black keep the position closed? The answer
would seem to be that he can, but only at a price of allowing White to use his
king-side pawns to restrict his minor pieces, and indeed whether they might
become dangerous little runners in their own right! Whether they will find
secure squares will be the crux of the assessment in this case. After} (27...
Nf6 $5 28. e5 Nh5 29. Qh4 $1 {[%csl Rf6][%cal Gg2g4,Gh4f6,Ge5e6] Black will
have to relinquish control of the e6 square.} Ref8 30. e6 $1 Ng7 31. Qg3+ Kf6 {
might not be so bad, but I'm not surprised it didn't appeal.}) 28. Qg3+ Kf7 29.
Qf4+ Nf6 30. fxe4 Kg6 31. Rf1 Rhf8 32. e5 (32. Qg3+ Ng4 33. Qd6+ Kg7) 32... Ng4
$5 (32... Nh7 33. Qe4+ Kg7) 33. Qxf8 Rxf8 34. Rxf8 {and so to the topic of my
next column.....!} Bf5+ 35. Kc1 c5 36. dxc5 Nxe5 37. Kd2 Nd7 38. Rc8 Be4 39.
Ke3 Bc6 40. Kd4 Kf5 41. Rg8 Nf6 42. Rg7 Ng4 43. g3 Ne5 44. b4 a6 45. Kc3 Kf6
46. Rh7 Kf5 47. Kd4 Nf3+ 48. Ke3 Ne1 49. Rf7+ Ke5 50. Kd2 Nf3+ 51. Kc3 Ng5 52.
Rg7 Ne4+ 53. Kd3 Kf6 54. Rg8 Kf7 55. Rh8 Nxg3 56. Kd4 Ke6 57. Rh6+ Kf5 58. Rh7
1/2-1/2

[Event "EU-ch 19th"]
[Site "Batumi"]
[Date "2018.03.21"]
[Round "5"]
[White "Wojtaszek, Radoslaw"]
[Black "Yilmaz, Mustafa"]
[Result "1-0"]
[WhiteElo "2738"]
[BlackElo "2619"]
[Annotator "Wojtaszek,R"]
[PlyCount "65"]
[EventDate "2018.03.17"]
[EventType "swiss"]
[EventRounds "11"]
[EventCountry "GEO"]
[SourceTitle "CBM 184"]
[Source "ChessBase"]
[SourceDate "2018.05.16"]
[SourceVersion "1"]
[SourceVersionDate "2018.05.16"]
[SourceQuality "1"]

{After my loss in the 2nd game I knew that there was no room for error and I
had to keep on winning to still fight for medals. Therefore I wasn't against
playing sharp games.} 1. d4 d5 2. c4 e6 3. Nc3 Nf6 4. cxd5 exd5 5. Bg5 c6 6. e3
Be7 7. Bd3 Nbd7 {The most flexible move order which has gained a lot of
popularity recently.} 8. Nge2 $5 {Directed mainly against ...Nh5 plans.} (8.
Qc2 Nh5 9. Bxe7 Qxe7 {involves a lot of theory I didn't want to enter this
time.}) 8... Nf8 $5 {This is the modern way of playing the Carlsbad structure.
Compared to the mainline Black is trying to save a tempo on ...Re8.} (8... Nh5
9. Bxe7 Qxe7 10. g4 $5 {the point of Nge2:} Nhf6 11. Ng3 {gives White an
active play. I already used this idea against Onischuk in 2017 - I was much
better after the opening, but later on I made some mistakes and lost.}) 9. Qc2
Ne6 10. Bh4 g6 11. f3 O-O {It wasn't a surprise for me that this position
appeared as my opponent already had a game here - he won in very nice style
against Korobov.} 12. O-O-O $5 {That was my improvement prepared for this game.
As I said I wanted to sharpen the game and this looked like a smart way of
doing it.} (12. O-O b6 13. Rad1 Bb7 14. Qc1 Rc8 {with a decent position for
Black. It's not easy for White to execute e4-plans and Black has the potential
...c5-idea.}) 12... b6 $6 {Black follows his original plan but it feels too
slow against 0-0-0.} (12... b5 $1 13. g4 a5 14. Bg3 a4 15. h4 Qa5 {and the
position is very unclear, both sides have to be very accurate, for instance
after} 16. h5 {Black has to slow White's attack with} g5 $1) 13. g4 Bb7 14. Kb1
Rc8 15. Bxf6 Bxf6 16. h4 $1 c5 (16... Bxh4 $2 {I didn't even calculate this,
it just felt very bad and it indeed is.} 17. Nf4 Re8 18. Nxe6 Rxe6 19. e4 $1
$36 (19. Qh2 g5 $1 {and things are not so simple})) 17. h5 $1 {From 12...b6
till now all moves were more or less logical, but now Black faces serious
problems as it seems that White's attack is simply faster, which means that 12.
..b6 was the beginning of Black's problems.} Qe7 $6 {It looked the most
natural, but White's attack doesn't slow down.} ({Black can force White to
sacrifice the piece but the problem is that it's a good sacrifice!} 17... c4 $2
18. Bxg6 fxg6 19. hxg6 Rc7 20. f4 Rg7 {and here White has many possible tries
to continue the attack:} 21. g5 (21. gxh7+ Kh8 22. f5 Nc7 23. Nf4 Rxg4 $2 {
runs to} 24. Rdg1 $1 Rxf4 25. Qg2 $3 $18) 21... Nxg5 22. fxg5 Bxg5 23. Rxh7
Rxh7 24. gxh7+ Kh8 25. e4 $1 $16) ({There was the interesting} 17... Qe8 $5 {
with the idea of protecting the g6-square, where I wanted to continue with the
simple} 18. Qd2 $5 (18. f4 $6 c4 19. Bxg6 fxg6 20. hxg6 hxg6 21. Rh6 Bg7 22.
Rxg6 Rf7 $1 $13 {[%cal Ge6f8]}) 18... cxd4 19. Nxd4 Nxd4 20. exd4 Bxd4 21. Nb5
$1 {and Black faces multiple threats like Nd6 or Qh2.}) 18. f4 $1 $36 Rfe8 $6 (
18... c4 $6 19. Bxg6 fxg6 20. hxg6 hxg6 21. Qxg6+ Qg7 22. Qc2 $1 $18 {Black
simply cannot defend against Ng3-Nf5 or g5 threats.}) (18... cxd4 19. exd4 Nxd4
20. Nxd4 Bxd4 21. hxg6 fxg6 22. Bxg6 hxg6 23. Rxd4 $16) 19. hxg6 fxg6 20. Rh3
$6 {This looked very natural, but it spoils some part of the advantage.} (20.
g5 $1 Bg7 21. f5 {I saw this idea, but underestimated White's attack:} Nxg5 (
21... c4 22. Be4 $3 dxe4 23. fxe6 Qxe6 24. Nf4 Qf7 25. Rh4 $18 {[%cal Gd1h1]})
22. Nf4 cxd4 23. exd4 {and apparently White is close to winning.}) 20... Nf8 $2
{Black wants to defend the h7-pawn, but on the other hand it's taking the
knight away from the central action.} (20... cxd4 $1 21. exd4 Nxd4 22. Nxd4
Bxd4 23. Bxg6 hxg6 24. Rxd4 {I thought that this position was almost winning
for me, but it's not all that simple:} Kg7 25. a3 Rh8 $1 {and Black is very
much still in the game.}) 21. Qd2 $1 {Now finally I don't have to watch out
for ...c4-ideas.} a6 22. g5 Bg7 23. f5 $1 $18 Qxg5 24. fxg6 cxd4 25. gxh7+ Kh8
26. Nxd4 Rc7 $2 (26... Bxd4 {would be more stubborn but after} 27. exd4 Qxd2
28. Rxd2 {White should be easily winning anyway.}) 27. Nce2 Bc8 28. Rg3 Qe5 29.
Nf4 Rf7 30. Rdg1 Bd7 31. Nf3 Qxe3 32. Ng5 Qxd2 33. Nxf7# {That was probably
one of the best games I played in Batumi. It also gave me some extra
confidence and took me back to the leading group.} 1-0

[Event "USA-ch"]
[Site "Saint Louis"]
[Date "2017.04.07"]
[Round "9"]
[White "Nakamura, Hikaru"]
[Black "Onischuk, Alexander"]
[Result "0-1"]
[WhiteElo "2793"]
[BlackElo "2667"]
[Annotator "Yermolinsky,A"]
[PlyCount "150"]
[EventDate "2017.03.29"]
[EventType "tourn"]
[EventRounds "11"]
[EventCountry "USA"]
[EventCategory "18"]
[SourceTitle "CBM 178"]
[Source "ChessBase"]
[SourceDate "2017.05.14"]
[SourceVersion "1"]
[SourceVersionDate "2017.05.14"]
[SourceQuality "1"]

1. c4 e6 2. Nc3 d5 3. d4 Nf6 4. cxd5 exd5 5. Bg5 c6 6. e3 Be7 7. Bd3 Nbd7 8.
Qc2 Nh5 9. Bxe7 Qxe7 10. O-O-O Nb6 11. h3 g6 12. Nf3 Be6 13. Kb1 O-O-O 14. Nd2
Ng7 15. g4 Kb8 16. Nb3 h5 17. f3 Bc8 18. Qf2 hxg4 19. hxg4 Ne6 20. f4 Nc7 21.
f5 Qg5 22. Rhg1 $5 Rh3 23. e4 Rdh8 {+1=7 is not a scoreline Nakamura is used
to having in U.S. Championships. He had clearly had enough of draws when he
sat down to play the ever-solid Onischuk today - a dangerous mindset.} 24. e5
$5 {Points for the spirit, but, objectively speaking, White is playing with
fire.} (24. fxg6 fxg6 25. Nc5 Rh2 26. Qg3 {should be enough to hold.}) 24...
Rh2 25. Qe1 Nc4 $1 26. Bxc4 dxc4 27. Nd2 Qf4 ({Here Alexander had a strong
idea in the exchange sacrifice,} 27... gxf5 28. Nf3 Qg6 29. Nxh2 fxg4+ 30. Ka1
Rxh2 $36) 28. e6 $1 {HIkaru seizes the opportunity.} gxf5 29. exf7 Be6 30. Rf1
Qxg4 31. Nf3 Rg2 32. d5 $5 {HIkaru burned a lot of time on this one. Clearly,
he wanted it all.} ({Obviously, he could see} 32. Qe5 Qg7 33. Rg1 Rxg1 34. Rxg1
Qxe5 35. Nxe5 {as advantageous for White.}) 32... cxd5 33. Nxd5 $4 {A step too
far.} (33. Qe5 Qg7 34. Rg1 Qxe5 35. Nxe5 Rxg1 36. Rxg1 Rf8 {and only now} 37.
Nxd5 $1 {a fantastic shot, based on forks and deflections. White will end up
up the exchange with some practical winning chances.}) 33... Qg7 {A cold
shower. The threat of mate forces White to part with his best pawn.} ({
Nakamura's idea had been that if} 33... Bxd5 $2 34. Rxd5 $1 {is winning since}
Nxd5 35. Qe5+ Kc8 36. Qxh8+ {is game over. However, he overlooked that Black
needn't touch his knight at the beginning of this line at all.}) 34. Nc3 Qxf7
35. Qe5 Re8 36. Qd6 Qf8 37. Nb5 Qxd6 38. Nxd6 Rh8 39. Rh1 Rxh1 40. Rxh1 Rg8 {
The last move before the time control may not have been the most optimal, but
Alexander wanted to make sure he didn't blunder anything.} 41. Nd4 f4 42. Rh6
Bc8 43. Nxc4 Nd5 44. Kc2 Rd8 45. Rd6 $6 {This goes to show that Hikaru was
still reeling form his blunder on move 33.} ({The activity offered by} 45. Kd3
Nb4+ 46. Ke4 Nxa2 47. Nf3 (47. Nd6 Nb4) 47... Rf8 48. Nd6 Nb4 49. Ne5 {would
be more in his style, particularly against an opponent who was looking for
technical solutions.}) 45... Rxd6 46. Nxd6 Bh3 47. a3 Kc7 48. Ne4 a5 $6 (48...
Bg2 49. Kd3 Bf1+ 50. Kd2 Kb6) 49. Nd2 b6 50. Kd3 Bg2 51. Nc2 $2 (51. N4f3)
51... Ne7 52. b4 a4 53. Nd4 Kd7 54. Ke2 Bd5 {Onischuk at his best. His pieces
guard the approaches to the f4-pawn, while the black king is slowly making its
way forward.} 55. Nb5 $2 {This only helps Black.} Kc6 56. Nc3 b5 57. Kd3 Nf5
58. Nd1 Kd6 59. Nc3 Bc6 60. Nce4+ Ke7 61. Ng5 Kf6 62. Nge4+ Ke7 63. Ng5 Bg2 64.
Nge4 Ke6 65. Nf2 Kd5 {Finally, the king has arrived and that signals the end
of the game.} 66. Nd1 Nd6 67. Nf2 Nc4 68. Nxc4 Bf1+ 69. Kc3 Bxc4 70. Nh3 Ke4
71. Kd2 Be6 72. Ng5+ Kd5 73. Nf3 Bg4 74. Nh4 Ke4 75. Ke1 Ke3 0-1